ბათუმის შოთა რუსთაველის სახელმწიფო უნივერსიტეტის ბიბლიოთეკა

Молекулярная генетика микробиология и вирусология №3.том 34, 2016 (ბიბ.ჩანაწერი № 52609)

000 -LEADER
fixed length control field 00853nam a2200229Ia 4500
001 - CONTROL NUMBER
control field 19633
003 - CONTROL NUMBER IDENTIFIER
control field GE_BSU
008 - FIXED-LENGTH DATA ELEMENTS--GENERAL INFORMATION
fixed length control field 181216s||||||||xx |||||||||||||| ||und||
040 ## - CATALOGING SOURCE
Transcribing agency GE_BSU
245 ## - TITLE STATEMENT
Title Молекулярная генетика микробиология и вирусология №3.том 34, 2016
245 ## - TITLE STATEMENT
Statement of responsibility, etc. Гл. ред.Костров С.В.
260 ## - PUBLICATION, DISTRIBUTION, ETC.
Place of publication, distribution, etc. Москва
260 ## - PUBLICATION, DISTRIBUTION, ETC.
Name of publisher, distributor, etc. Медицина
260 ## - PUBLICATION, DISTRIBUTION, ETC.
Date of publication, distribution, etc. 2016
300 ## - PHYSICAL DESCRIPTION
Extent 83-120 стр. 30см. илл.
653 ## - INDEX TERM--UNCONTROLLED
Uncontrolled term Молекулярная генетика микробиология и вирусология
653 ## - INDEX TERM--UNCONTROLLED
Uncontrolled term периодика. პერიოდიკა
653 ## - INDEX TERM--UNCONTROLLED
Uncontrolled term ვირუსოლოგია
653 ## - INDEX TERM--UNCONTROLLED
Uncontrolled term მიკრობიოლოგია
653 ## - INDEX TERM--UNCONTROLLED
Uncontrolled term მოლეკულური გენეტიკა
942 ## - ADDED ENTRY ELEMENTS (KOHA)
Koha item type პერიოდიკა
ეგზემპლარები
Withdrawn status Lost status Damaged status Not for loan Date acquired Barcode Date last seen Price effective from Koha item type
        2018-12-17 р 78153 2018-12-17 2018-12-17 პერიოდიკა